Normale Ansicht MARC-Ansicht ISBD

Marzena Slodownik gewinnt Stichwahl in Slubice (Titelsatznr. 373108)

[ MARC ]
MARC-Details
000 -Satzkennung
Kontrollfeld mit fester Länge 00666nab a2200193 4500
001 - Kontrollnummer
Kontrollfeld 244442
003 - Kontrollnummer Identifier
Kontrollfeld OSt
005 - Datum und Zeit der letzten Transaktion
Kontrollfeld 20240425085837.0
007 - Feld mit fester Länge zur physischen Beschreibung - Allgemeine Information
Kontrollfeld mit fester Länge tu
008 - Feld mit fester Länge zur physischen Beschreibung - Allgemeine Angaben
Kontrollfeld mit fester Länge 200917s2020|||||||
040 ## - Katalogisierungsquelle
Original-Katalogisierungsstelle DE-2950
Übertragungsstelle DE-2950
245 00 - Titel
Titel Marzena Slodownik gewinnt Stichwahl in Slubice
Zusatz zum Titel Wahl. Große Überraschung in der Nachbarstadt: Bürgermeister Mariusz Olejniczak muss sein Amt abgeben. Ihm fehlten am Ende 89 Stimmen/
Verfasserangabe etc. Thomas Gutke, Lisa Larossa
264 ## - Produktion, Veröffentlichung, Distribution, Herstellung und Urheberrechtsvermerk
Datum der Herstellung, der Veröffentlichung, des Vertriebs oder des Urheberschutzvermerks 2024
653 ## - Indexierungsterm - Nicht normiert
Nicht-normierter Term Slubice
653 ## - Indexierungsterm - Nicht normiert
Nicht-normierter Term Bürgermeisterwahl
653 ## - Indexierungsterm - Nicht normiert
Nicht-normierter Term Marzena Slodownik
773 0# - Übergeordnete Einheit
Verknüpfungsangaben 35. Jahrgang (2024) Nr. 95 vom 23.04.2024, S. 13 mit Foto
Titel Märkische Oderzeitung
942 ## - Zusätzliche Felder (Koha)
Klassifikation oder Aufstellungssystematik Andere/Generische Klassifikation
Koha-Medientyp Aufsätze
Exemplare
Ausgeschieden Verloren Klassifikation oder Aufstellungssystematik Beschädigt Nicht entleihbar Heimatbibliothek Aufenthaltsbibliothek Aufstellungsort Erwerbungsdatum Anzahl Ausleihen Signatur Letzte Aktivität Preis gültig von Koha-Medientyp
    Andere/Generische Klassifikation     Stadtarchiv Frankfurt (Oder) | Archivbibliothek Stadtarchiv Frankfurt (Oder) | Archivbibliothek Magazin 25/04/2024   Z2 25/04/2024 25/04/2024 Aufsätze